| 000 | 02115nam a2200277 a 4500 | ||
|---|---|---|---|
| 008 | 120416s1979 ||||||||||||||||| || u | ||
| 020 | _a0582444950 | ||
| 050 | _aQC 145.2 Wal | ||
| 100 | _aWalshaw, A. C | ||
| 245 | 1 | 0 | _aMechanics of fluids; (3rd ed.) |
| 250 | _a3rd ed. | ||
| 260 |
_aLondon _bLongman _c1979 |
||
| 300 | _axvii, 599p. : ill | ||
| 350 | _a0.00 | ||
| 995 |
_aBINDERY (DAMAGED) _D0.00 _e715390 _FCBU-MAIN LIBRARY (Kitwe) _H1 _I12.95 _jQC 145.2 Wal _M1 _UDAMAGED _y012125 _ZMain Library Open Access Collection |
||
| 995 |
_aTEXTBOOKS (SBE) _D0.00 _e20232 _FCBU-SCHOOL TEXTBOOK COLLECTIONS _H1 _I0.00 _jSCHOOL TEXTBOOK _M9 _UAVAILABLE _WNov 24, 2008 _y20232 _ZSchool Collections |
||
| 995 |
_aTEXTBOOKS (SBE) _D0.00 _e20230 _FCBU-SCHOOL TEXTBOOK COLLECTIONS _H1 _I0.00 _jSCHOOL TEXTBOOK _M7 _UAVAILABLE _WNov 24, 2008 _y20230 _ZSchool Collections |
||
| 995 |
_aTEXTBOOKS (SBE) _D0.00 _e20239 _FCBU-SCHOOL TEXTBOOK COLLECTIONS _H1 _I0.00 _jSCHOOL TEXTBOOK _M6 _UAVAILABLE _WNov 24, 2008 _y20239 _ZSchool Collections |
||
| 995 |
_aTEXTBOOKS (SBE) _D0.00 _e20238 _FCBU-SCHOOL TEXTBOOK COLLECTIONS _H1 _I0.00 _jSCHOOL TEXTBOOK _M5 _UAVAILABLE _WNov 24, 2008 _y20238 _ZSchool Collections |
||
| 995 |
_aTEXTBOOKS (SBE) _D0.00 _e20235 _FCBU-SCHOOL TEXTBOOK COLLECTIONS _H1 _I0.00 _jSCHOOL TEXTBOOK _M11 _UAVAILABLE _WNov 24, 2008 _y20235 _ZSchool Collections |
||
| 995 |
_aTEXTBOOKS (SBE) _D0.00 _e20237 _FCBU-SCHOOL TEXTBOOK COLLECTIONS _H1 _I0.00 _jSCHOOL TEXTBOOK _M4 _UAVAILABLE _WNov 24, 2008 _y20237 _ZSchool Collections |
||
| 995 |
_aTEXTBOOKS (SBE) _D0.00 _e20225 _FCBU-SCHOOL TEXTBOOK COLLECTIONS _H1 _I0.00 _jSCHOOL TEXTBOOK _M2 _UAVAILABLE _WNov 24, 2008 _y20225 _ZSchool Collections |
||
| 995 |
_aTEXTBOOKS (SBE) _D0.00 _e20233 _FCBU-SCHOOL TEXTBOOK COLLECTIONS _H1 _I0.00 _jSCHOOL TEXTBOOK _M10 _UAVAILABLE _WNov 24, 2008 _y20233 _ZSchool Collections |
||
| 995 |
_aTEXTBOOKS (SBE) _D0.00 _e20226 _FCBU-SCHOOL TEXTBOOK COLLECTIONS _H1 _I0.00 _jSCHOOL TEXTBOOK _M3 _UAVAILABLE _WNov 24, 2008 _y20226 _ZSchool Collections |
||
| 995 |
_aTEXTBOOKS (SBE) _D0.00 _e20231 _FCBU-SCHOOL TEXTBOOK COLLECTIONS _H1 _I0.00 _jSCHOOL TEXTBOOK _M8 _UAVAILABLE _WNov 24, 2008 _y20231 _ZSchool Collections |
||
| 999 |
_c82834 _d82834 |
||